| 000 | 00891 a2200313 4500 | ||
|---|---|---|---|
| 260 | _aParis | ||
| 440 | _n23 | ||
| 260 | _bEditions de l'IRD) | ||
| 245 | _aDu bon usage des ressources renouvelables | ||
| 300 | _a471 p. | ||
| 700 | _aGILLON, Yves | ||
| 700 | _aCHABOUD, Christian [et al...] | ||
| 650 | _aRessources naturelles et renouvelables | ||
| 650 | _aDéveloppement économique | ||
| 260 | _c2000 | ||
| 300 | _bill. (part. en coul, fig., cartes, tabl. ; 25 cm | ||
| 130 | _lF | ||
| 440 | _a(Latitudes) | ||
| 035 | _a13228 | ||
| 500 | _aRésumés en anglais et en espagnol. - Comprend un index. - Bibliographie : pp. 399-428 | ||
| 020 | _a2-7099-1458-1 | ||
| 440 | _x1278-348X | ||
| 999 |
_c13630 _d13630 |
||